00327nam a2200121Ia 45000030006000000080041000060400015000471000023000622450057000852600034001425460012001760050017001880STCL150530s9999 xx 000 0 und d aSTCLcSTCL aFish, S.E.; Editor aModern essays in criticism seventeenth century prose bOxford University pressc1971 aEnglish20220125171135.0